[Event "BL2 West 0910 (Women)"]
[Site "Germany"]
[Date "2009.11.07"]
[Round "1.6"]
[White "Hammerich, Nadine"]
[Black "Golubkova, Alexandra"]
[Result "0-1"]
[WhiteElo "1714"]
[BlackElo "1831"]
[PlyCount "58"]
[EventDate "2009.11.07"]
[EventType "team-tourn"]
[EventRounds "7"]
[EventCountry "GER"]
[SourceTitle "CBM 133 Extra"]
[Source "ChessBase"]
[SourceDate "2010.01.05"]
[SourceVersion "1"]
[SourceVersionDate "2010.01.05"]
[SourceQuality "1"]
[WhiteTeam "Kaltenkirchen (W)"]
[BlackTeam "Steinfurt (W)"]
[WhiteTeamCountry "GER"]
[BlackTeamCountry "GER"]

1. c4 Nf6 2. Nc3 d5 3. e3 c6 4. d4 e6 5. a3 Nbd7 6. Nf3 Qc7 7. Nd2 e5 8. cxd5 exd4 9. exd4 cxd5 10. Bd3 Nb6 11. 0-0 Be6 12. Re1 Be7 13. Bb5+ Nbd7 14. Nf3 0-0 15. Bd2 Bd6 16. Rc1 Qb6 17. Qe2 a6 18. Ba4 Bg4 19. Bxd7 Nxd7 20. Nxd5 Qxb2 21. Rc3 Qa2 22. Rc4 b5 23. Rc3 Qxd5 24. Be3 Nf6 25. Rd1 Rac8 26. Rcc1 Ne4 27. h3 Bh5 28. g4 Bg6 29. Ra1 Nc3 0-1

[Event "GER-ch U18 Girls"]
[Site "Willingen"]
[Date "2006.06.09"]
[Round "9"]
[White "Hammerich, Nadine"]
[Black "Wirths, Clara"]
[Result "0-1"]
[WhiteElo "1529"]
[BlackElo "1935"]
[PlyCount "62"]
[EventDate "2006.06.03"]
[EventType "swiss"]
[EventRounds "9"]
[EventCountry "GER"]
[SourceTitle "EXT 2007"]
[Source "ChessBase"]
[SourceDate "2006.11.23"]
[SourceVersion "1"]
[SourceVersionDate "2006.11.23"]
[SourceQuality "1"]

1. c4 Nf6 2. Nc3 e5 3. g3 Nc6 4. Bg2 d6 5. d3 g6 6. e4 Bg7 7. Nge2 Be6 8. 0-0 Qd7 9. a3 Bh3 10. Rb1 h5 11. Nd5 Nxd5 12. cxd5 Ne7 13. f3 Bxg2 14. Kxg2 0-0-0 15. Be3 h4 16. Rh1 Kb8 17. Qb3 Rdf8 18. Bf2 f5 19. Rbc1 g5 20. Rce1 Ng6 21. Reg1 h3+ 22. Kf1 g4 23. fxg4 fxg4 24. Ke1 c6 25. Nc3 c5 26. Ke2 Qf7 27. Rf1 Qf3+ 28. Kd2 Bh6+ 29. Kc2 Be3 30. Nd1 Bxf2 31. Rxf2 Qxh1 0-1

[Event "GER-ch U18 Girls"]
[Site "Willingen"]
[Date "2005.05.21"]
[Round "9"]
[White "Hammerich, Nadine"]
[Black "Dubel, Natali"]
[Result "1/2-1/2"]
[WhiteElo "1543"]
[BlackElo "1400"]
[PlyCount "46"]
[EventDate "2005.05.14"]
[EventType "swiss"]
[EventRounds "9"]
[EventCountry "GER"]
[SourceTitle "CBM 106 Extra"]
[Source "ChessBase"]
[SourceDate "2005.07.01"]
[SourceVersion "1"]
[SourceVersionDate "2005.07.01"]
[SourceQuality "1"]

1. d4 Nf6 2. c4 g6 3. Nc3 Bg7 4. Nf3 0-0 5. e4 d6 6. Bg5 h6 7. Bh4 g5 8. Bg3 Nh5 9. Be2 Nxg3 10. fxg3 Nd7 11. 0-0 c5 12. d5 Nf6 13. Nd2 e6 14. Qc2 exd5 15. exd5 Re8 16. Rae1 Ng4 17. Bxg4 Bxg4 18. Nde4 a6 19. a4 Bh5 20. Kh1 Bg6 21. Qf2 Kh8 22. h3 Re5 23. g4 Qe7 1/2-1/2

[Event "GER-ch U18 Girls"]
[Site "Willingen"]
[Date "2005.05.19"]
[Round "8"]
[White "Hammerich, Nadine"]
[Black "Kohl, Annette"]
[Result "1-0"]
[WhiteElo "1543"]
[BlackElo "1567"]
[PlyCount "63"]
[EventDate "2005.05.14"]
[EventType "swiss"]
[EventRounds "9"]
[EventCountry "GER"]
[SourceTitle "CBM 106 Extra"]
[Source "ChessBase"]
[SourceDate "2005.07.01"]
[SourceVersion "1"]
[SourceVersionDate "2005.07.01"]
[SourceQuality "1"]

1. d4 d5 2. c4 e6 3. Nc3 Nf6 4. Nf3 c6 5. b3 Nbd7 6. g3 Be7 7. Bg2 0-0 8. 0-0 Re8 9. Bb2 b6 10. Qc2 Ba6 11. Nd2 Nf8 12. Rfe1 Rc8 13. Rad1 Qc7 14. e4 Nxe4 15. Ndxe4 dxe4 16. Nxe4 f5 17. Nc3 Bf6 18. Rd2 g6 19. h3 e5 20. d5 e4 21. dxc6 Qxc6 22. Nd5 Bxb2 23. Qxb2 Nd7 24. Qa3 Nc5 25. Bf1 Nd3 26. Bxd3 exd3 27. Rxe8+ Rxe8 28. Ne7+ Rxe7 29. Qxe7 Bb7 30. Qd8+ Kg7 31. Qd5 Qxd5 32. cxd5 1-0

[Event "GER-ch U18 Girls"]
[Site "Willingen"]
[Date "2005.05.16"]
[Round "4"]
[White "Erbs, Susan"]
[Black "Hammerich, Nadine"]
[Result "1-0"]
[WhiteElo "2026"]
[BlackElo "1543"]
[PlyCount "81"]
[EventDate "2005.05.14"]
[EventType "swiss"]
[EventRounds "9"]
[EventCountry "GER"]
[SourceTitle "CBM 106 Extra"]
[Source "ChessBase"]
[SourceDate "2005.07.01"]
[SourceVersion "1"]
[SourceVersionDate "2005.07.01"]
[SourceQuality "1"]

1. e4 e6 2. d3 c5 3. g3 Nc6 4. Bg2 g6 5. f4 Bg7 6. Nf3 Nge7 7. 0-0 d6 8. c3 a6 9. a4 Bd7 10. Be3 b5 11. axb5 axb5 12. Rxa8 Qxa8 13. e5 Nf5 14. Bf2 Qb8 15. Re1 c4 16. dxc4 bxc4 17. exd6 Qxb2 18. Ne5 Nxe5 19. fxe5 0-0 20. Qd2 Qxd2 21. Nxd2 Bb5 22. Rb1 Ba4 23. Rb4 Bb3 24. Nf3 f6 25. Bc5 fxe5 26. g4 e4 27. d7 Rd8 28. Ng5 Nh4 29. Be7 Bxc3 30. Bxd8 Bxb4 31. Nxe4 Nxg2 32. Bg5 Ba5 33. Kxg2 Bc2 34. Kf3 Kg7 35. d8Q Bxd8 36. Bxd8 Bd3 37. Nc5 Bf1 38. Nxe6+ Kf7 39. Nc5 c3 40. Ba5 c2 41. Bd2 1-0

[Event "GER-ch U18 Girls"]
[Site "Willingen"]
[Date "2005.05.15"]
[Round "2"]
[White "Romakin, Helene"]
[Black "Hammerich, Nadine"]
[Result "1-0"]
[WhiteElo "2013"]
[BlackElo "1543"]
[PlyCount "85"]
[EventDate "2005.05.14"]
[EventType "swiss"]
[EventRounds "9"]
[EventCountry "GER"]
[SourceTitle "CBM 106 Extra"]
[Source "ChessBase"]
[SourceDate "2005.07.01"]
[SourceVersion "1"]
[SourceVersionDate "2005.07.01"]
[SourceQuality "1"]

1. Nf3 Nf6 2. c4 Nc6 3. d3 e5 4. g3 d5 5. cxd5 Nxd5 6. Bg2 Nb6 7. Nc3 Be6 8. 0-0 Be7 9. Bd2 0-0 10. Bc1 Qd7 11. Ng5 Bxg5 12. Bxg5 Bh3 13. Bxh3 Qxh3 14. Nb5 Qd7 15. a3 a5 16. a4 h6 17. Be3 Nd5 18. Bc5 Rfc8 19. Qd2 b6 20. Be3 Nxe3 21. fxe3 Na7 22. Nc3 Rf8 23. d4 c5 24. d5 Rad8 25. e4 Qg4 26. Qd3 Nc6 27. Kg2 Na7 28. Rf5 f6 29. Rd1 Qg6 30. d6 Nc6 31. Qd5+ Qf7 32. Qxc6 Qb3 33. Qd5+ Qxd5 34. Rxd5 Rf7 35. Rf1 Rfd7 36. Rfd1 Kf7 37. Nb5 g6 38. Kf3 h5 39. Ke3 Ke6 40. Kd3 g5 41. Kc4 g4 42. Nc7+ Kf7 43. Kb5 1-0

[Event "Schleswig Holstein-ch U18 VM"]
[Site "Neumuenster"]
[Date "2005.03.24"]
[Round "9"]
[White "Henrichsen, Lars"]
[Black "Hammerich, Nadine"]
[Result "0-1"]
[WhiteElo "1197"]
[BlackElo "1511"]
[PlyCount "30"]
[EventDate "2005.03.19"]
[EventType "swiss"]
[EventRounds "9"]
[EventCountry "GER"]
[SourceTitle "EXT 2007"]
[Source "ChessBase"]
[SourceDate "2006.11.23"]
[SourceVersion "1"]
[SourceVersionDate "2006.11.23"]
[SourceQuality "1"]

1. d4 Nf6 2. Nf3 g6 3. g3 Bg7 4. Bg2 0-0 5. 0-0 d6 6. b3 Bg4 7. Bb2 Qc8 8. Re1 Re8 9. Nbd2 Bh3 10. Bh1 d5 11. c4 c6 12. Rc1 Qg4 13. Qc2 Nbd7 14. e4 Bh6 15. Rcd1 dxc4 0-1

[Event "Schleswig Holstein-ch U18 VM"]
[Site "Neumuenster"]
[Date "2005.03.22"]
[Round "6"]
[White "Winkler, Daniel"]
[Black "Hammerich, Nadine"]
[Result "0-1"]
[WhiteElo "1643"]
[BlackElo "1511"]
[PlyCount "106"]
[EventDate "2005.03.19"]
[EventType "swiss"]
[EventRounds "9"]
[EventCountry "GER"]
[SourceTitle "EXT 2007"]
[Source "ChessBase"]
[SourceDate "2006.11.23"]
[SourceVersion "1"]
[SourceVersionDate "2006.11.23"]
[SourceQuality "1"]

1. e4 d6 2. d4 g6 3. Nc3 Bg7 4. Nf3 Nf6 5. g3 0-0 6. Bg2 Bg4 7. Bg5 Nbd7 8. Qd2 Bxf3 9. Bxf3 Rb8 10. Bh6 c5 11. Bxg7 Kxg7 12. dxc5 Nxc5 13. 0-0 Qb6 14. b3 Ncd7 15. Nd5 Nxd5 16. exd5 Ne5 17. Bg2 Rbc8 18. c4 Qc5 19. Rac1 b5 20. cxb5 Qxb5 21. Qd4 Qb6 22. Qxb6 axb6 23. Rfd1 Nd7 24. Rc6 b5 25. Rdc1 Nc5 26. b4 Rxc6 27. dxc6 Na6 28. a3 Rc8 29. Bf1 Nc7 30. f4 e6 31. Kf2 Kf6 32. Kf3 Ke7 33. Be2 d5 34. Rc5 Rb8 35. Ke3 Kd6 36. Kd4 Rb6 37. g4 f6 38. Kc3 Rxc6 39. Rxc6+ Kxc6 40. Kd4 Kd6 41. h4 e5+ 42. fxe5+ fxe5+ 43. Kc3 Kc6 44. h5 gxh5 45. gxh5 h6 46. Kd2 Ne6 47. Kc3 Nf4 48. Bf3 Kb6 49. Kd2 e4 50. Be2 Nxe2 51. Kxe2 d4 52. Kd2 Kc6 53. Ke2 Kd5 0-1

[Event "Schleswig Holstein-ch U18 VM"]
[Site "Neumuenster"]
[Date "2005.03.21"]
[Round "5"]
[White "Hammerich, Nadine"]
[Black "Groot, Patrick"]
[Result "0-1"]
[WhiteElo "1511"]
[BlackElo "1325"]
[PlyCount "94"]
[EventDate "2005.03.19"]
[EventType "swiss"]
[EventRounds "9"]
[EventCountry "GER"]
[SourceTitle "EXT 2007"]
[Source "ChessBase"]
[SourceDate "2006.11.23"]
[SourceVersion "1"]
[SourceVersionDate "2006.11.23"]
[SourceQuality "1"]

1. d4 d5 2. c4 Nc6 3. Nf3 Bg4 4. Nc3 e6 5. Bg5 Be7 6. Bxe7 Ngxe7 7. e3 e5 8. Be2 exd4 9. Nxd4 Bxe2 10. Qxe2 Ne5 11. cxd5 Nxd5 12. Nxd5 Qxd5 13. Qb5+ Qxb5 14. Nxb5 0-0-0 15. 0-0 Rd2 16. b3 a6 17. Nd4 g6 18. h3 c5 19. Rac1 Nd7 20. b4 Rxa2 21. bxc5 Kc7 22. c6 Ne5 23. cxb7+ Kxb7 24. Rb1+ Ka7 25. Rfc1 Rb8 26. Rc7+ Ka8 27. Rxb8+ Kxb8 28. Re7 Nd3 29. Rxf7 a5 30. f4 Ne1 31. g4 a4 32. Rxh7 Nf3+ 33. Kf1 Nxd4 34. exd4 Rb2 35. Rh8+ Ka7 36. Rc8 a3 37. Rc3 a2 38. Ra3+ Kb7 39. d5 Rb1+ 40. Ke2 a1Q 41. Rxa1 Rxa1 42. Ke3 Ra3+ 43. Ke4 Rxh3 44. Ke5 Kc7 45. Kf6 Rf3 46. Kg5 Kd6 47. Kxg6 Rxf4 0-1

[Event "Schleswig Holstein-ch U18 VM"]
[Site "Neumuenster"]
[Date "2005.03.21"]
[Round "4"]
[White "Hammerich, Nadine"]
[Black "Ohlow, Christopher"]
[Result "1-0"]
[WhiteElo "1511"]
[BlackElo "1054"]
[PlyCount "57"]
[EventDate "2005.03.19"]
[EventType "swiss"]
[EventRounds "9"]
[EventCountry "GER"]
[SourceTitle "EXT 2007"]
[Source "ChessBase"]
[SourceDate "2006.11.23"]
[SourceVersion "1"]
[SourceVersionDate "2006.11.23"]
[SourceQuality "1"]

1. d4 Nf6 2. c4 g6 3. Nc3 Bg7 4. Nf3 0-0 5. Bg5 d6 6. e3 Nbd7 7. Bd3 c5 8. d5 a6 9. a4 Qc7 10. 0-0 Kh8 11. Re1 Re8 12. Qc2 Nf8 13. h3 e6 14. Bxf6 Bxf6 15. Rab1 Nd7 16. dxe6 fxe6 17. Ne4 Bg7 18. Neg5 Nf8 19. h4 e5 20. h5 Bf5 21. Bxf5 gxf5 22. Qxf5 Re7 23. Qh3 Bh6 24. b3 Qd7 25. Qxd7 Nxd7 26. Ne4 Re6 27. Rbd1 Bf8 28. Nfg5 Rh6 29. Nf7+ 1-0

[Event "Schleswig Holstein-ch U16 VMA"]
[Site "Neumuenster"]
[Date "2004.03.23"]
[Round "6"]
[White "Hammerich, Nadine"]
[Black "Suemnich, Eric"]
[Result "1-0"]
[WhiteElo "1461"]
[BlackElo "1185"]
[PlyCount "59"]
[EventDate "2004.03.20"]
[EventType "swiss"]
[EventRounds "9"]
[EventCountry "GER"]
[SourceTitle "EXT 2006"]
[Source "ChessBase"]
[SourceDate "2005.11.24"]
[SourceVersion "1"]
[SourceVersionDate "2005.11.24"]
[SourceQuality "1"]

1. d4 d5 2. c4 dxc4 3. Nc3 e6 4. Nf3 Nf6 5. Bg5 Be7 6. e3 h6 7. Bh4 0-0 8. Bxc4 Bb4 9. Qb3 Nc6 10. Ne5 a5 11. Nxc6 bxc6 12. 0-0 Ba6 13. Bxa6 Rxa6 14. Ne4 Be7 15. Nxf6+ Bxf6 16. Bxf6 Qxf6 17. Qc4 Rb6 18. b3 Rd8 19. Rac1 e5 20. Rfd1 Rd6 21. h3 Rb4 22. Qc5 Rb5 23. Qc3 Qe7 24. dxe5 Rxe5 25. Rxd6 Qxd6 26. Qxc6 Re7 27. Qxd6 cxd6 28. Rc6 Re5 29. Rxd6 Kf8 30. Ra6 1-0

[Event "Schleswig Holstein-ch U16 VMA"]
[Site "Neumuenster"]
[Date "2004.03.20"]
[Round "1"]
[White "Henrichsen, Lars"]
[Black "Hammerich, Nadine"]
[Result "1/2-1/2"]
[WhiteElo "1013"]
[BlackElo "1461"]
[PlyCount "67"]
[EventDate "2004.03.20"]
[EventType "swiss"]
[EventRounds "9"]
[EventCountry "GER"]
[SourceTitle "EXT 2006"]
[Source "ChessBase"]
[SourceDate "2005.11.24"]
[SourceVersion "1"]
[SourceVersionDate "2005.11.24"]
[SourceQuality "1"]

1. e4 e6 2. d4 d5 3. e5 c5 4. c3 Nc6 5. Be3 cxd4 6. cxd4 Bb4+ 7. Nc3 Nge7 8. Nf3 Nf5 9. Bd3 Nxe3 10. fxe3 Qa5 11. Qb3 Bxc3+ 12. Qxc3 Qxc3+ 13. bxc3 0-0 14. 0-0 b6 15. Ng5 g6 16. Rf2 h6 17. Nf3 Nb8 18. Raf1 Ba6 19. Ne1 Bxd3 20. Nxd3 Nc6 21. Rf6 Kg7 22. h4 Ne7 23. g4 Ng8 24. R6f3 Rac8 25. Nf4 a5 26. Ne2 f6 27. exf6+ Rxf6 28. g5 hxg5 29. hxg5 Rxf3 30. Rxf3 b5 31. a3 Rf8 32. Nf4 Re8 33. e4 dxe4 34. Re3 1/2-1/2

[Event "GER-ch U16 Girls"]
[Site "Willingen"]
[Date "2003.06.10"]
[Round "4"]
[White "Hammerich, Nadine"]
[Black "Winkelmann, Elena"]
[Result "0-1"]
[WhiteElo "1435"]
[BlackElo "1643"]
[PlyCount "84"]
[EventDate "2003.06.08"]
[EventType "swiss"]
[EventRounds "9"]
[EventCountry "GER"]
[SourceTitle "CBM 094 Extra"]
[Source "ChessBase"]
[SourceDate "2003.07.09"]
[SourceVersion "2"]
[SourceVersionDate "2003.07.09"]
[SourceQuality "1"]

1. d4 d5 2. c4 e6 3. Nc3 c6 4. e3 Nf6 5. Nf3 Be7 6. Bd2 Nbd7 7. Qc2 0-0 8. Bd3 Re8 9. 0-0-0 dxc4 10. Bxc4 Nb6 11. Bd3 Nbd5 12. Kb1 Nb4 13. Bxh7+ Nxh7 14. Qe4 Nf6 15. Qf4 Nbd5 16. Nxd5 exd5 17. Ne5 Bd6 18. h4 Qc7 19. h5 Bxe5 20. dxe5 Ne4 21. h6 Nxd2+ 22. Rxd2 Qxe5 23. h7+ Kh8 24. Qxf7 Qf5+ 25. Qxf5 Bxf5+ 26. Kc1 Bxh7 27. Rd4 Kg8 28. Rdh4 Bd3 29. R1h3 Kf7 30. Kd2 Ba6 31. Rf4+ Ke6 32. Rg3 Re7 33. Rg6+ Kd7 34. Kc3 Rg8 35. a3 Kd8 36. Rfg4 Rf8 37. Rxg7 Rxf2 38. Rxe7 Kxe7 39. g3 Kf6 40. Rf4+ Rxf4 41. exf4 Kf5 42. Kd4 Bf1 0-1

[Event "GER-ch U16 Girls"]
[Site "Willingen"]
[Date "2003.06.09"]
[Round "3"]
[White "Forchmann, Anneliese"]
[Black "Hammerich, Nadine"]
[Result "1-0"]
[WhiteElo "1715"]
[BlackElo "1435"]
[PlyCount "83"]
[EventDate "2003.06.08"]
[EventType "swiss"]
[EventRounds "9"]
[EventCountry "GER"]
[SourceTitle "CBM 094 Extra"]
[Source "ChessBase"]
[SourceDate "2003.07.09"]
[SourceVersion "2"]
[SourceVersionDate "2003.07.09"]
[SourceQuality "1"]

1. e4 e6 2. d4 d5 3. Nc3 Nf6 4. e5 Nfd7 5. f4 c5 6. Nf3 Be7 7. Be3 0-0 8. Be2 a6 9. 0-0 c4 10. Qe1 Re8 11. f5 exf5 12. Nxd5 b5 13. Nxe7+ Qxe7 14. Nh4 g6 15. Qg3 Kh8 16. Bh6 Rg8 17. Bf3 Ra7 18. Qh3 Nf8 19. Rae1 Rc7 20. Kh1 Nc6 21. Bxc6 Rxc6 22. d5 Rb6 23. Nf3 Rb8 24. Bg5 f4 25. Bxe7 Bxh3 26. Bf6+ Rg7 27. Bxg7+ Kxg7 28. gxh3 Rd8 29. Rd1 h6 30. Nh4 g5 31. Nf5+ Kg6 32. Ne7+ Kg7 33. h4 Nd7 34. e6 Nf6 35. hxg5 hxg5 36. Nf5+ Kg6 37. Ne7+ Kg7 38. exf7 Kxf7 39. d6 Ne4 40. c3 Rxd6 41. Rxd6 Nxd6 42. Nd5 1-0

[Event "GER-ch U16 Girls"]
[Site "Willingen"]
[Date "2003.06.08"]
[Round "2"]
[White "Hammerich, Nadine"]
[Black "Herkt, Julia"]
[Result "1-0"]
[WhiteElo "1435"]
[BlackElo "1638"]
[PlyCount "77"]
[EventDate "2003.06.08"]
[EventType "swiss"]
[EventRounds "9"]
[EventCountry "GER"]
[SourceTitle "CBM 094 Extra"]
[Source "ChessBase"]
[SourceDate "2003.07.09"]
[SourceVersion "2"]
[SourceVersionDate "2003.07.09"]
[SourceQuality "1"]

1. d4 d5 2. c4 e6 3. Nc3 c6 4. Nf3 Nf6 5. Bg5 dxc4 6. e4 b5 7. e5 h6 8. Bh4 g5 9. Nxg5 hxg5 10. Bxg5 Nbd7 11. exf6 Bb7 12. Ne4 Qb6 13. Be3 0-0-0 14. Be2 c5 15. Bf3 cxd4 16. Qxd4 Bb4+ 17. Nc3 Nc5 18. Bxb7+ Qxb7 19. Qg4 Rhg8 20. Qf3 Nd3+ 21. Ke2 a6 22. Qxb7+ Kxb7 23. a3 Ba5 24. b4 cxb3 25. Nd1 Rxg2 26. Rb1 Ne5 27. Rxb3 Rg6 28. a4 Rd5 29. axb5 axb5 30. h4 Rxf6 31. h5 Ng4 32. h6 Rff5 33. h7 Nxe3 34. h8Q Nc2 35. Rd3 Rfe5+ 36. Ne3 Nxe3 37. fxe3 b4 38. Rxd5 Rxd5 39. Rb1 1-0

[Event "Schleswig Holstein-ch U16 VM"]
[Site "Neumuenster"]
[Date "2003.03.11"]
[Round "3"]
[White "Hammerich, Nadine"]
[Black "Blenckner, Christoph"]
[Result "1-0"]
[WhiteElo "1448"]
[BlackElo "1302"]
[PlyCount "45"]
[EventDate "2003.03.??"]
[EventType "swiss"]
[EventRounds "9"]
[EventCountry "GER"]
[SourceTitle "EXT 2005"]
[Source "ChessBase"]
[SourceDate "2004.11.15"]
[SourceVersion "1"]
[SourceVersionDate "2004.11.15"]
[SourceQuality "1"]

1. d4 d5 2. c4 e5 3. e3 Nc6 4. Nc3 Bb4 5. dxe5 Nge7 6. Nf3 Bg4 7. Bd2 dxc4 8. Bxc4 Nxe5 9. Qa4+ N5c6 10. Ne5 Bd7 11. Nxf7 Qc8 12. Nxh8 Nd4 13. Qd1 Ne6 14. Nd5 Nxd5 15. Bxd5 Bxd2+ 16. Qxd2 c6 17. Bxe6 Bxe6 18. Qd6 Bd5 19. 0-0 Qg4 20. Qg3 Qd7 21. Rad1 Qe7 22. Qh3 Qe4 23. Rfe1 1-0

[Event "Baunatal op 8th"]
[Site "Baunatal"]
[Date "2002.08.11"]
[Round "7"]
[White "Haan, Andreas"]
[Black "Hammerich, Nadine"]
[Result "0-1"]
[WhiteElo "1682"]
[BlackElo "1386"]
[PlyCount "116"]
[EventDate "2002.08.09"]
[EventType "swiss"]
[EventRounds "7"]
[EventCountry "GER"]
[SourceTitle "EXT 2003"]
[Source "ChessBase"]
[SourceDate "2002.11.25"]
[SourceVersion "1"]
[SourceVersionDate "2002.11.25"]
[SourceQuality "1"]

1. e4 e6 2. d4 d5 3. Nc3 Bb4 4. e5 b6 5. a3 Bxc3+ 6. bxc3 Nd7 7. Qg4 g6 8. Nf3 f6 9. Qxe6+ Qe7 10. Qxd5 Rb8 11. Bb5 Kf8 12. 0-0 Kg7 13. Re1 f5 14. Bg5 Qe8 15. e6 Ndf6 16. Bxf6+ Nxf6 17. Qe5 Qe7 18. d5 Bb7 19. c4 Qc5 20. Nd4 a6 21. Bc6 Qd6 22. Qxd6 cxd6 23. Bxb7 Rxb7 24. Nc6 b5 25. Rab1 Rc7 26. e7 Kf7 27. Rb4 bxc4 28. Rxc4 Rhc8 29. g3 Nxd5 30. Nd8+ Ke8 31. Rxc7 Rxc7 32. Ne6 Rxe7 33. Nc7+ Nxc7 34. Rxe7+ Kxe7 35. Kf1 Ke6 36. Ke2 Kd5 37. Kd3 Nb5 38. c4+ Kc5 39. cxb5 Kxb5 40. Kd4 Ka4 41. Kd5 Kxa3 42. Kxd6 Kb3 43. Ke6 a5 44. Kf7 a4 45. Kg7 a3 46. Kxh7 a2 47. Kxg6 a1Q 48. Kxf5 Qg1 49. f4 Qxh2 50. g4 Qh7+ 51. Kf6 Kc4 52. g5 Kd5 53. g6 Qh6 54. f5 Qf8+ 55. Kg5 Ke5 56. f6 Qxf6+ 57. Kh6 Qf8+ 58. Kg5 Qg7 0-1

[Event "Baunatal op 8th"]
[Site "Baunatal"]
[Date "2002.08.09"]
[Round "2"]
[White "Hammerich, Nadine"]
[Black "Wolter, Jens"]
[Result "0-1"]
[WhiteElo "1386"]
[BlackElo "1817"]
[PlyCount "80"]
[EventDate "2002.08.09"]
[EventType "swiss"]
[EventRounds "7"]
[EventCountry "GER"]
[SourceTitle "EXT 2003"]
[Source "ChessBase"]
[SourceDate "2002.11.25"]
[SourceVersion "1"]
[SourceVersionDate "2002.11.25"]
[SourceQuality "1"]

1. d4 d5 2. c4 e6 3. Nc3 Nf6 4. Nf3 Be7 5. Bg5 0-0 6. e3 h6 7. Bh4 b6 8. cxd5 Nxd5 9. Bxe7 Qxe7 10. Nxd5 exd5 11. Bd3 Be6 12. 0-0 Rc8 13. Rc1 c5 14. Bb1 Nd7 15. Qd3 Nf6 16. h3 c4 17. Qe2 Re8 18. Ne5 b5 19. a3 Nd7 20. Qc2 g6 21. Nf3 Bf5 22. Qe2 Bxb1 23. Rxb1 a5 24. Qc2 Qe4 25. Qxe4 Rxe4 26. Nd2 Re6 27. Rfe1 Nf6 28. Re2 Rae8 29. Rbe1 Nh5 30. g3 Ng7 31. f3 Nf5 32. Kf2 b4 33. axb4 axb4 34. Nb1 Kg7 35. e4 dxe4 36. d5 exf3 37. Rxe6 fxe6 38. Kxf3 Nd4+ 39. Kf2 Rf8+ 40. Ke3 Nc2+ 0-1

[Event "GER-ch U14 Girls"]
[Site "Winterberg"]
[Date "2002.05.20"]
[Round "4"]
[White "Tovmasian, Nelli"]
[Black "Hammerich, Nadine"]
[Result "1-0"]
[WhiteElo "1390"]
[BlackElo "1299"]
[PlyCount "129"]
[EventDate "2002.05.19"]
[EventType "swiss"]
[EventRounds "8"]
[EventCountry "GER"]
[SourceTitle "CBM 088 Extra"]
[Source "ChessBase"]
[SourceDate "2002.07.01"]
[SourceVersion "2"]
[SourceVersionDate "2002.07.01"]
[SourceQuality "1"]

1. e4 e6 2. d4 d5 3. exd5 exd5 4. Nf3 Nc6 5. Nc3 Nf6 6. Bb5 Be7 7. 0-0 0-0 8. Bxc6 bxc6 9. Bf4 Bg4 10. h3 Bh5 11. Re1 Re8 12. Qd3 c5 13. dxc5 Bg6 14. Qd2 Ne4 15. Nxe4 dxe4 16. Qxd8 Raxd8 17. Ne5 Bxc5 18. Nxg6 fxg6 19. Re2 e3 20. Bxe3 Bxe3 21. fxe3 Rd5 22. g3 Red8 23. Ree1 Rd2 24. Rac1 Rf8 25. Rf1 Re8 26. Rf2 Red8 27. Rxd2 Rxd2 28. Kf1 Kf7 29. h4 Ke6 30. Re1 Rxc2 31. Re2 Rc5 32. Kg2 g5 33. e4 g4 34. Kf2 Ke5 35. b3 Rc3 36. Kg2 c5 37. Kf2 c4 38. b4 a6 39. h5 Ra3 40. Rc2 Kd4 41. e5 Kxe5 42. Rxc4 Rxa2+ 43. Ke3 Ra3+ 44. Kf2 Kd6 45. Rxg4 Rb3 46. Rxg7 Rxb4 47. Rxh7 Ke6 48. Rh6+ Kf5 49. Rxa6 Kg5 50. h6 Rb7 51. Kf3 Rf7+ 52. Kg2 Kg4 53. Rg6+ Kf5 54. Rg7 Kf6 55. Rxf7+ Kxf7 56. g4 Kg6 57. g5 Kh7 58. Kf3 Kg6 59. Kg4 Kh7 60. Kf5 Kg8 61. Kg6 Kh8 62. Kf7 Kh7 63. g6+ Kxh6 64. g7 Kh5 65. g8Q 1-0

[Event "Schleswig Holstein-ch U14 q2"]
[Site "Neumuenster"]
[Date "2002.04.10"]
[Round "8"]
[White "Heuer, Karsten"]
[Black "Hammerich, Nadine"]
[Result "0-1"]
[WhiteElo "820"]
[BlackElo "1344"]
[PlyCount "56"]
[EventDate "2002.04.??"]
[EventType "swiss"]
[EventRounds "9"]
[EventCountry "GER"]
[SourceTitle "EXT 2003"]
[Source "ChessBase"]
[SourceDate "2002.11.25"]
[SourceVersion "1"]
[SourceVersionDate "2002.11.25"]
[SourceQuality "1"]

1. e4 e6 2. Nf3 d5 3. Nc3 dxe4 4. Nxe4 Nf6 5. Nxf6+ Qxf6 6. d3 h6 7. a3 Nc6 8. Be3 Bd6 9. Be2 0-0 10. c3 b6 11. 0-0 Bb7 12. Bd4 Nxd4 13. Nxd4 Qh4 14. g3 Qh3 15. Bf3 Bxf3 16. Qxf3 c5 17. Nb5 Be7 18. d4 a6 19. Nc7 Ra7 20. Nxe6 fxe6 21. Qg2 Qxg2+ 22. Kxg2 Rd7 23. dxc5 Bxc5 24. Rae1 Rd2 25. Kg1 Bxf2+ 26. Kh1 Bxe1 27. Rxf8+ Kxf8 28. b4 Ra2 0-1

[Event "GER-ch U14 Girls"]
[Site "Winterberg"]
[Date "2002.??.??"]
[Round "2"]
[White "Hammerich, Nadine"]
[Black "Chin, Karin"]
[Result "0-1"]
[WhiteElo "1299"]
[BlackElo "1421"]
[PlyCount "78"]
[EventDate "2002.05.19"]
[EventType "swiss"]
[EventRounds "8"]
[EventCountry "GER"]
[SourceTitle "CBM 088 Extra"]
[Source "ChessBase"]
[SourceDate "2002.07.01"]
[SourceVersion "2"]
[SourceVersionDate "2002.07.01"]
[SourceQuality "1"]

1. d4 Nf6 2. c4 g6 3. Nc3 Bg7 4. Nf3 d6 5. Bg5 0-0 6. e4 c5 7. d5 Nbd7 8. Qd2 a6 9. a3 Rb8 10. Bd3 Ng4 11. h3 Nge5 12. Nxe5 Nxe5 13. 0-0 h6 14. Be3 Qa5 15. b4 cxb4 16. axb4 Qxb4 17. Rfb1 Qxc3 18. Qxc3 Nf3+ 19. gxf3 Bxc3 20. Ra3 Bg7 21. Rab3 Ra8 22. c5 dxc5 23. Bxc5 Re8 24. Kg2 b5 25. Ra3 Be5 26. Bxb5 axb5 27. Rxa8 Bxh3+ 28. Kxh3 Rxa8 29. Rxb5 Re8 30. Bb4 Kg7 31. Rb7 Kf6 32. Rb6+ Kg7 33. Kg4 h5+ 34. Kg5 f6+ 35. Kh4 Kf7 36. Rb7 g5+ 37. Kxh5 Rh8+ 38. Kg4 Rh4+ 39. Kf5 Rf4# 0-1